Publications of the Scottish History Society, Volume 36 : (Record no. 242185)
[ view plain ]
| 000 -LEADER | |
|---|---|
| fixed length control field | 00999cam a22002653a 4500 |
| 001 - CONTROL NUMBER | |
| control field | 12930 |
| 003 - CONTROL NUMBER IDENTIFIER | |
| control field | PGUSA |
| 005 - DATE AND TIME OF LATEST TRANSACTION | |
| control field | 20140828083259.0 |
| 008 - FIXED-LENGTH DATA ELEMENTS--GENERAL INFORMATION | |
| fixed length control field | 040717s2004||||xxu|||||s|||||000 | eng d |
| 040 ## - CATALOGING SOURCE | |
| Original cataloging agency | PGUSA |
| Language of cataloging | eng |
| 042 ## - AUTHENTICATION CODE | |
| Authentication code | dc |
| 050 #4 - LIBRARY OF CONGRESS CALL NUMBER | |
| Classification number | DA |
| 100 1# - MAIN ENTRY--PERSONAL NAME | |
| Personal name | Fountainhall, John Lauder, |
| Titles and other words associated with a name | Lord, |
| Dates associated with a name | 1646-1722 |
| 245 10 - TITLE STATEMENT | |
| Title | Publications of the Scottish History Society, Volume 36 : |
| Remainder of title | Journals of Sir John Lauder Lord Fountainhall with His Observations on Public Affairs and Other Memoranda 1665-1676 |
| Medium | [electronic resource] / |
| Statement of responsibility, etc | John Lauder, Fountainhall |
| 260 ## - PUBLICATION, DISTRIBUTION, ETC. (IMPRINT) | |
| Name of publisher, distributor, etc | Project Gutenberg, |
| Date of publication, distribution, etc | 2004 |
| 506 ## - RESTRICTIONS ON ACCESS NOTE | |
| Terms governing access | Public domain in the USA. |
| 516 ## - TYPE OF COMPUTER FILE OR DATA NOTE | |
| Type of computer file or data note | Electronic text |
| 653 ## - INDEX TERM--UNCONTROLLED | |
| Uncontrolled term | France -- Description and travel |
| 653 ## - INDEX TERM--UNCONTROLLED | |
| Uncontrolled term | Fountainhall, John Lauder, Lord, 1646-1722 -- Diaries |
| 653 ## - INDEX TERM--UNCONTROLLED | |
| Uncontrolled term | Great Britain -- Description and travel |
| 653 ## - INDEX TERM--UNCONTROLLED | |
| Uncontrolled term | Judges -- Great Britain -- Diaries |
| 830 #0 - SERIES ADDED ENTRY--UNIFORM TITLE | |
| Uniform title | Project Gutenberg |
| Volume number/sequential designation | 12930 |
| 856 40 - ELECTRONIC LOCATION AND ACCESS | |
| Uniform Resource Identifier | <a href="http://www.gutenberg.org/ebooks/12930">http://www.gutenberg.org/ebooks/12930</a> |
| 942 ## - ADDED ENTRY ELEMENTS (KOHA) | |
| Koha item type | eBooks |
| Withdrawn status | Lost status | Damaged status | Home library | Current library | Date acquired | Total Checkouts | Date last seen | Price effective from | Koha item type |
|---|---|---|---|---|---|---|---|---|---|
| Project Gutenberg | Project Gutenberg | 08/28/2014 | 08/28/2014 | 08/28/2014 | eBooks |